00592nam a2200193Ia 450000500170000000800410001702000180005804000180007604100080009408200210010210000160012324500620013925000140020126000670021530000240028265000320030665000340033865000260037220220124153626.0210716s2010 xx 000 0 und d a9780070153622 cAIMIT LIBRARY aeng a332.12 23bGURS aGurusamy,S. aMerchant banking and financial services /cby S Gurusamy. a[3rd ed.] aNew Delhi :bTata McGraw Hill Publishing Company Ltd ,c2010 . axv, 460p. ;c24 cm. aCapital structure decisions aPortfolio management services aReal estate financing